[Event "Anibal op 5th"]
[Site "Linares"]
[Date "1998.01.28"]
[Round "9"]
[White "Kasimdzhanov, Rustam"]
[Black "Agnos, Demetrios"]
[Result "1-0"]
[WhiteElo "2565"]
[BlackElo "2475"]

1.Nf3 Nf6 2.g3 g6 3.b3 Bg7 4.Bb2 O-O 5.Bg2 d6 6.d4 c5 7.c4 cxd4 8.Nxd4 Qa5+
9.Nc3 Na6 10.O-O Qh5 11.e4 Bg4 12.f3 Bh3 13.Qd2 Bxg2 14.Kxg2 Qc5 15.Rad1 Rfd8
16.Rfe1 Qc8 17.Nd5 Qd7 18.Nb5 Nxd5 19.exd5 Nc5 20.Bxg7 Kxg7 21.b4 a6 22.Nc3 Na4
23.Nxa4 Qxa4 24.Rxe7 Rac8 25.Rc1 Rd7 26.Re3 Rdc7 27.c5 Qb5 28.Rce1 Rf8 29.cxd6 Rd7
30.Qd4+ Kg8 31.Re8 Rd8 32.Rxf8+ Rxf8 33.Re7 Rc8 34.d7 Rc2+ 35.Kh3 Qf1+ 36.Kg4  1-0

[Event "Cappelle op"]
[Site "Cappelle la Grande"]
[Date "1998.02.28"]
[Round "9"]
[White "Foisor, Cristina Adela B"]
[Black "Kasimdzhanov, Rustam"]
[Result "1/2-1/2"]
[WhiteElo "2410"]
[BlackElo "2565"]

1.c4 g6 2.g3 Bg7 3.Bg2 c5 4.Nc3 Nc6 5.Nf3 e6 6.d4 cxd4 7.Nb5 d6 8.Nbxd4 Nge7
9.O-O O-O 10.e4 Ne5 11.Nxe5 dxe5 12.Nb5 a6 13.Qxd8 Rxd8 14.Nc3 Bd7 15.Rd1 Nc6
16.Bg5 f6 17.Be3 Be8 18.Bb6 Rxd1+ 19.Rxd1 Rc8 20.Bf1 f5 21.Bg2 Nd4 22.b3 Bc6
23.Kf1 Rf8 24.exf5 Bxg2+ 25.Kxg2 gxf5 26.Na4 Rf7 27.f4 Nc6 28.Nc5 exf4 29.Nxe6 fxg3
30.hxg3 Be5 31.Rd5 Re7 32.Nd4 Bxd4 33.Bxd4 Re2+ 34.Kh3 Rxa2 35.Bc5 Rb2 36.b4 Nxb4
37.Rd8+ Kf7 38.Rd7+ Kg6 39.Rxb7 Nd3 40.Rc7 Rb3 41.Bd4 Nf4+ 42.Kh2 Ne6 43.Rc6 Kf7
44.Be5 Re3 45.Bf4 Re2+ 46.Kg1 Nxf4 47.gxf4 Re4 48.Rxa6 Rxc4 49.Rh6 Kg7 50.Rh4 Kg6
51.Kf2 h5 52.Kf3 Kh6 53.Rh1 Rc3+ 54.Kf2 Rc8 55.Rg1 Rc2+ 56.Kf3 h4 57.Rg8 Rc3+
58.Kg2  1/2-1/2

[Event "Cappelle op"]
[Site "Cappelle la Grande"]
[Date "1998.??.??"]
[Round "3"]
[White "Pedzich, Dominik"]
[Black "Kasimdzhanov, Rustam"]
[Result "0-1"]
[WhiteElo "2440"]
[BlackElo "2565"]

1.e4 e5 2.Nf3 Nc6 3.Nc3 Nf6 4.Bb5 Bb4 5.O-O O-O 6.d3 d6 7.Bg5 Bxc3 8.bxc3 Qe7
9.Re1 Nd8 10.d4 Ne6 11.Bc1 c5 12.Rb1 Rd8 13.Bc4 h6 14.h3 Qc7 15.dxe5 dxe5
16.Qe2 Nf8 17.Nh4 Be6 18.Nf5 Bxf5 19.exf5 e4 20.f3 Re8 21.fxe4 Rxe4 22.Qf1 Rxe1
23.Qxe1 Re8 24.Qf1 a6 25.Bf4 Qc6 26.a4 N8d7 27.a5 Nd5 28.Bxd5 Qxd5 29.Qf3 Qxf5
30.Rxb7 Nf6 31.Bd6 Qe6 32.Bg3 Ne4 33.Rb6 Qa2 34.Rxa6 Qa1+ 35.Kh2 Nd2 36.Qc6 Nf1+
37.Kg1 Nxg3+ 38.Kf2  0-1

[Event "Hoogovens 5'"]
[Site "Wijk aan Zee"]
[Date "1999.01.18"]
[Round "12"]
[White "Kasimdzhanov, Rustam"]
[Black "Bosboom, Manuel"]
[Result "0-1"]
[WhiteElo "2595"]
[BlackElo "2490"]

1.e4 c5 2.Nf3 d6 3.d4 cxd4 4.Qxd4 a6 5.c4 Nc6 6.Qd2 Nf6 7.Nc3 e6 8.Be2 Be7
9.O-O O-O 10.Rd1 Qc7 11.b3 b6 12.Bb2 Bb7 13.Rac1 Nb8 14.Bd3 Nbd7 15.Bb1 Rad8
16.Qe2 Qb8 17.Nd4 Qa8 18.Re1 Rfe8 19.Rcd1 Bf8 20.Rd3 Ne5 21.Rg3 Ng6 22.Qd2 Qb8
23.f4 e5 24.Nde2 b5 25.f5 Ne7 26.Nd5 Nexd5 27.cxd5 Rc8 28.Kh1 a5 29.Qxa5 Be7
30.Qd2 Qa7 31.Nc1 Bd8 32.Nd3 Kh8 33.Nb4 Rg8 34.Rh3 Ba5 35.a3 Bxb4 36.axb4 Qb6
37.Bd3 Ra8 38.Bb1 Qc7 39.Rc3 Qd7 40.Rec1 Rgc8 41.Bd3 h6 42.g3 Ra2 43.Rxc8+ Bxc8
44.Qc3 Bb7 45.Bb1 Ra8 46.Qc7 Rc8 47.Qb6 Rxc1+ 48.Bxc1 Qc8 49.Bd2 Qd7 50.Bd3 Kh7
51.Bxb5 Qc8 52.Bd3 Qa8 53.Bc3 Bxd5 54.Qxd6 Bxe4+ 55.Kg1 Bxd3 56.Qxd3 Qa7+
57.Kg2 Qb7+ 58.Kg1 Qb6+ 59.Kg2 Qc6+ 60.Kg1 e4 61.Qd4 Qb5 62.Bd2 Qe2 63.Qe3 Qd1+
64.Kg2 Qc2 65.Kg1 Nd5 66.Qd4 Qd1+ 67.Kf2 Qxb3 68.Qxe4 Nf6 69.Qd4 Qc2 70.g4 Qd1
71.h3 Qh1 72.Kg3 Ne4+ 73.Kf4 Ng5 74.b5 f6 75.b6 Qf3+  0-1

[Event "8th Sonnevanck"]
[Site "Wijk aan Zee NED"]
[Date "1999.12.03"]
[Round "4"]
[White "Jonkman,H"]
[Black "Kasimdzhanov,R"]
[Result "0-1"]
[WhiteElo "2421"]
[BlackElo "2603"]

1.e4 e6 2.d4 d5 3.e5 c5 4.c3 Nc6 5.Nf3 Qb6 6.Be2 cxd4 7.cxd4 Nh6 8.Nc3 Nf5
9.Na4 Qa5+ 10.Bd2 Bb4 11.Bc3 a6 12.g4 Nfe7 13.O-O Bxc3 14.Nxc3 f6 15.Qd2 O-O
16.Bd3 Bd7 17.Rae1 fxe5 18.Nxe5 Nxe5 19.Rxe5 Rf7 20.Rd1 Nc6 21.Rh5 g6 22.Rh3 Qd8
23.Be2 Qf8 24.Qe3 Re8 25.Rf3 e5 26.Rxf7 Qxf7 27.dxe5 Rxe5 28.Qg3 Qe6 29.Bf3 d4
30.Na4 b5 31.Nb6 Be8 32.a4 Kg7 33.Kg2 Nb4 34.Rxd4 Nc2 35.Rd1 Ne1+ 36.Rxe1 Rxe1
37.Qc7+ Qe7 38.Qc8 bxa4 39.Nd5 Qe6 40.Qb7+ Bf7 41.Ne3 Qf6 42.Qc7 h6 43.h4 Rxe3
44.fxe3 Qxb2+ 45.Kg3 Qb3 46.Qe5+ Kg8 47.h5 gxh5 48.Qd4 Qb8+ 49.Kh3 h4  0-1

[Event "8th Sonnevanck"]
[Site "Wijk aan Zee NED"]
[Date "1999.12.07"]
[Round "6"]
[White "Jonkman,H"]
[Black "Kasimdzhanov,R"]
[Result "1/2-1/2"]
[WhiteElo "2421"]
[BlackElo "2603"]

1.e4 e6 2.d4 d5 3.Nd2 c5 4.exd5 Qxd5 5.Ngf3 cxd4 6.Bc4 Qd6 7.O-O Nf6 8.Nb3 Nc6
9.Re1 Bd7 10.Bg5 O-O-O 11.Qe2 Qc7 12.Nbxd4 Nxd4 13.Nxd4 Bd6 14.h3 h6 15.Bd2 Kb8
16.Bc3 Ne4 17.Qxe4 Qxc4 18.Rad1 e5 19.Nc6+ Qxc6 20.Qxc6 Bxc6 21.Rxd6 Rxd6
22.Bxe5 Rd8 23.Rd1 Kc7 24.c4 f6 25.Bg3 Bxg2 26.Rxd6 Rxd6 27.c5 Bxh3 28.Bxd6+ Kc6
29.Bf8 Be6 30.a3 g6  1/2-1/2

[Event "Young Masters"]
[Site "Groningen NED"]
[Date "1999.12.19"]
[Round "1"]
[White "Kolbus,D"]
[Black "Kasimdzhanov,R"]
[Result "0-1"]
[WhiteElo "2286"]
[BlackElo "2603"]

1.d4 Nf6 2.c4 g6 3.Nc3 Bg7 4.e4 d6 5.Bd3 O-O 6.Nge2 Nc6 7.f3 e5 8.d5 Nd4
9.Be3 Nh5 10.O-O c5 11.dxc6 bxc6 12.b4 Be6 13.Qd2 f5 14.Kh1 f4 15.Bf2 g5
16.Na4 g4 17.Nxd4 exd4 18.fxg4 Bxg4 19.c5 f3 20.g3 d5 21.Rfe1 Re8 22.Rad1 Qd7
23.exd5 Qxd5 24.Nb2 Kh8 25.Bc4 Qd7 26.Kg1 Rad8 27.Rxe8+ Qxe8 28.Re1 Qf8 29.Nd3 Qf5
30.Re7 Bf6 31.Rxa7 Re8 32.Rf7 Qg6 33.Rc7 Be6 34.Qc2 Nf4 35.Rxc6 Ne2+ 36.Kf1 Bh3+
37.Ke1 Nc3+ 38.Kd2 Re2+ 39.Kc1 Bg5+ 40.Kb2 Qxc6 41.Bxd4+ Bf6 42.Bxc3 Bxc3+
43.Kxc3 Qf6+  0-1

[Event "Belgian Interteams 1999-2000"]
[Site "Antwerp BEL"]
[Date "2000.02.06"]
[Round "9"]
[White "Claesen,P"]
[Black "Kasimdzhanov,R"]
[Result "0-1"]
[WhiteElo "2427"]
[BlackElo "2614"]

1.d4 Nf6 2.Nf3 g6 3.Nc3 Bg7 4.e4 d6 5.Bf4 O-O 6.Qd2 Bg4 7.Be2 Nbd7 8.O-O-O c5
9.dxc5 Nxc5 10.e5 dxe5 11.Qxd8 Rfxd8 12.Bxe5 Bh6+ 13.Kb1 Nfe4 14.h3 Bxf3
15.Bxf3 Nd2+ 16.Ka1 Nxf3 17.gxf3 Ne6 18.Nd5 f6 19.Bc3 Kf7 20.a4 Ng5 21.Rd3 Nxf3
22.Rhd1 Nh4 23.Ne3 Rxd3 24.Rxd3 Ke6 25.Rd4 Bxe3 26.fxe3 Nf5 27.Rb4 Nd6 28.Bd4 Kd5
29.c4+ Kc6 30.c5 Ne4 31.Rc4 e5 32.Bc3 Kd5 33.Rb4 Nxc3 34.bxc3 Kc6  0-1

[Event "Belgian Interteams 1999-2000"]
[Site "Antwerp BEL"]
[Date "2000.03.19"]
[Round "11"]
[White "Abolianin,A"]
[Black "Kasimdzhanov,R"]
[Result "0-1"]
[WhiteElo "2342"]
[BlackElo "2614"]

1.d4 Nf6 2.c4 g6 3.Nc3 Bg7 4.e4 d6 5.f3 O-O 6.Be3 c5 7.dxc5 dxc5 8.Qxd8 Rxd8
9.Bxc5 Nc6 10.Nd5 Nd7 11.Bxe7 Nxe7 12.Nxe7+ Kf8 13.Nd5 Bxb2 14.Rb1 Bg7 15.Nh3 Nc5
16.Nf2 Be6 17.Nd3 Rac8 18.Kf2 b6 19.Be2 Bd4+ 20.Kg3 Na4 21.N3b4 Bg7 22.a3 f5
23.Rhe1 fxe4 24.fxe4 Be5+ 25.Kf2 Bd4+ 26.Kg3 Kg7 27.Nc2 Bc3 28.Rf1 Be5+ 29.Kf2 Nc5
30.Ke3 Bxh2 31.Nd4 Bd7 32.Nf3 Bd6 33.Ng5 Rf8 34.Rxf8 Rxf8 35.Bd3 h6 36.Nf3 Ne6
37.Nb4 g5 38.e5 Bc5+ 39.Kd2 g4 40.Nh4 Ng5 41.Rf1 Rxf1 42.Bxf1 Bf2  0-1

[Event "34th Olympiad"]
[Site "Istanbul TUR"]
[Date "2000.10.29"]
[Round "2"]
[White "Mitkov,N"]
[Black "Kasimdzhanov,R"]
[Result "1/2-1/2"]
[WhiteElo "2532"]
[BlackElo "2690"]

1.e4 e6 2.d4 d5 3.Nc3 Bb4 4.e5 c5 5.a3 Bxc3+ 6.bxc3 Ne7 7.Qg4 O-O 8.Bd3 Nbc6
9.Nf3 f5 10.Qh3 Qa5 11.Bd2 Qa4 12.dxc5 Ng6 13.Qg3 Qg4 14.O-O Qxg3 15.hxg3 Ncxe5
16.Nxe5 Nxe5 17.Rfe1 Nxd3 18.cxd3 Bd7 19.Rab1 b6 20.cxb6 axb6 21.Rxb6 Rxa3
22.Rb7 Rf7 23.Rc7 Ra8 24.Bf4 Bc8 25.c4 Rxc7 26.Bxc7 dxc4 27.dxc4 Kf7 28.Rd1 Ra7
29.Be5 Ra5 30.Bd6 Ra4 31.c5 Bb7 32.Rb1  1/2-1/2

[Event "HZ Open"]
[Site "Vlissingen NED"]
[Date "2001.07.29"]
[Round "2"]
[White "Kasimdzhanov,R"]
[Black "Wuts,H"]
[Result "1-0"]
[WhiteElo "2704"]
[BlackElo "2123"]

1.d4 d5 2.c4 e6 3.Nc3 Nf6 4.cxd5 exd5 5.Bg5 Be7 6.e3 c6 7.Qc2 h6 8.Bh4 Nbd7
9.Bd3 Nb6 10.Nf3 Nc4 11.Bxc4 dxc4 12.Ne5 Be6 13.Qe2 Qb6 14.Nxc4 Qb4 15.Ne5 Ne4
16.Bxe7 Kxe7 17.Qc2 Nd6 18.O-O c5 19.Nd3 Qa5  1-0

[Event "HZ Open"]
[Site "Vlissingen NED"]
[Date "2001.07.29"]
[Round "3"]
[White "Erwich,Frank"]
[Black "Kasimdzhanov,R"]
[Result "0-1"]
[WhiteElo "2322"]
[BlackElo "2704"]

1.e4 g6 2.d4 Bg7 3.c3 d6 4.f4 Nf6 5.Bd3 e5 6.Nf3 Bg4 7.O-O O-O 8.Be3 exf4
9.Bxf4 c5 10.Nbd2 cxd4 11.cxd4 Nc6 12.Qb3 Bxf3 13.Nxf3 Ng4 14.d5 Nce5 15.Be2 Qe7
16.Rac1 Rac8 17.Qa3 a6 18.Nxe5 Nxe5 19.b3 Bf6 20.Rxc8 Rxc8 21.Rc1 Re8 22.Rc2 Bg5
23.g3 h6 24.Qc1 Qd8 25.Rc7 Bxf4 26.gxf4 Nc6 27.Rxb7 Nd4 28.Qe3 Nxe2+ 29.Qxe2 Qc8
30.Ra7 Qc5+ 31.Qf2 Qc1+ 32.Qf1 Qe3+ 33.Qf2 Qxe4 34.Rxa6 Qxd5  0-1

[Event "HZ Open"]
[Site "Vlissingen NED"]
[Date "2001.08.03"]
[Round "8"]
[White "Kasimdzhanov,R"]
[Black "Nijboer,F"]
[Result "1/2-1/2"]
[WhiteElo "2704"]
[BlackElo "2551"]

1.d4 Nf6 2.c4 g6 3.f3 d5 4.cxd5 Nxd5 5.e4 Nb6 6.Nc3 Bg7 7.Be3 O-O 8.Qd2 e5
9.d5 c6 10.h4 cxd5 11.exd5 e4 12.fxe4 Bg4 13.Nh3 N8d7 14.Nf2 Ne5 15.Bh6 Bxh6
16.Qxh6 f5 17.Nxg4 Nxg4 18.Qf4 Nf6 19.h5 Nxe4 20.hxg6 Nxc3 21.gxh7+ Kh8 22.Qd4+ Qf6
23.Qxf6+ Rxf6 24.bxc3 Nxd5 25.Rh3 Rc8 26.c4 Nf4 27.Rf3 Ng6 28.Rd1 Rc7 29.Rd8+ Kxh7
30.Bd3 Kg7 31.Bxf5 Rxc4 32.Rd7+ Kh6 33.g4 Rb4 34.Rh3+ Kg5 35.Rg7 Rbb6 36.a4 Kf4
37.a5 Rbd6 38.Rxb7 Rd4 39.Rh6 Rfd6 40.Rb2 Ne5 41.Rxd6 Nf3+ 42.Ke2 Rxd6 43.Bc8 Nd4+
44.Kf2 Rc6  1/2-1/2

[Event "Olympiad"]
[Site "Bled SLO"]
[Date "2002.11.07"]
[Round "12"]
[White "Kasimdzhanov,R"]
[Black "Dao Thien Hai"]
[Result "1/2-1/2"]
[WhiteElo "2653"]
[BlackElo "2547"]

1.e4 e5 2.Nf3 Nf6 3.Nxe5 d6 4.Nf3 Nxe4 5.d4 d5 6.Bd3 Nc6 7.O-O Be7 8.c4 Nb4
9.Be2 dxc4 10.Bxc4 O-O 11.Re1 Bf5 12.Bb3 Bf6 13.a3 Nc6 14.Nc3 Nxc3 15.bxc3 Qd6
16.Ng5 Qd7 17.Qf3 Na5 18.Ba2 Bg6 19.Ne4 Be7 20.Bf4 Rac8 21.Ng3 b5 22.Re2 c5
23.Rae1 Bf6 24.Nh5 Bxh5 25.Qxh5 cxd4 26.cxd4 Nc4 27.Be5 Bxe5 28.dxe5 Rfe8
29.h3 g6 30.Qh6 Qe7 31.a4 a6 32.Re4 Qf8 33.Qh4 Qe7 34.Qg3 Rc6 35.Kh2 Qa3
36.Bb3 Qc5 37.axb5 axb5 38.f4 Nd2 39.R4e2 Nxb3 40.Qxb3  1/2-1/2

[Event "Commonwealth Ch"]
[Site "Mumbai IND"]
[Date "2003.04.20"]
[Round "1"]
[White "Kasimdzhanov,R"]
[Black "Meenakshi,S"]
[Result "1-0"]
[WhiteElo "2680"]
[BlackElo "2297"]

1.d4 d5 2.c4 c6 3.Nf3 Nf6 4.Nc3 g6 5.e3 Bg7 6.Be2 O-O 7.O-O Bg4 8.cxd5 Nxd5
9.h3 Bxf3 10.Bxf3 Nb6 11.Qc2 e5 12.dxe5 Bxe5 13.Rd1 Qe7 14.b3 Na6 15.a3 Rad8
16.Bb2 Nc7 17.Ne4 Rxd1+ 18.Rxd1 Bxb2 19.Qxb2 Ncd5 20.Qc1 Nd7 21.b4 Ne5 22.Be2 Rd8
23.Rd4 a5 24.bxa5 Ra8 25.a6 f5 26.axb7 Qxb7 27.Nc3 Ra5 28.Nxd5 cxd5 29.Rb4 Qd7
30.Rb8+ Kf7 31.Qc3 Nc6 32.Bb5 Qa7 33.Bxc6 Rc5 34.Rb7+ Qxb7 35.Qxc5  1-0

[Event "Commonwealth Ch"]
[Site "Mumbai IND"]
[Date "2003.04.21"]
[Round "2"]
[White "Murshed,N"]
[Black "Kasimdzhanov,R"]
[Result "0-1"]
[WhiteElo "2419"]
[BlackElo "2680"]

1.Nf3 Nf6 2.c4 e6 3.b3 Be7 4.Bb2 d5 5.g3 O-O 6.Bg2 c5 7.cxd5 Nxd5 8.O-O Nc6
9.d4 cxd4 10.Nxd4 Bd7 11.Nc3 Ndb4 12.Ne4 f5 13.Nd2 Nxd4 14.Bxd4 Bc6 15.Bxc6 Qxd4
16.Bxb7 Rad8 17.a3 Bf6 18.Rb1 Na2 19.Nc4 Nc3 20.Qxd4 Nxe2+ 21.Kg2 Nxd4 22.Rfe1 Rd7
23.Ba6 g5 24.Ne3 Rfd8 25.Bc4 Kf8 26.Rbc1 Rd6 27.Nc2 Ke7 28.Nxd4 Bxd4 29.Rc2 Kf6
30.f4 gxf4 31.gxf4 e5 32.fxe5+ Bxe5 33.Rce2 Rd2 34.h3 Rxe2+ 35.Rxe2 Rd7 36.Kf3 Rd4
37.Rc2 Rd1 38.Kg2 Bd4 39.Re2 Kg5 40.Kf3 Rf1+ 41.Kg2 Rc1 42.Kf3 Rc3+ 43.Kg2 Kh4
44.Re7 h5 45.Rf7 Rc2+ 46.Kf1 Rf2+ 47.Ke1 Kxh3 48.Bd3 Kg4 49.Be2+ Kg5 50.Rh7 Rh2
51.b4 h4 52.a4 Kf4 53.a5 Bc3+ 54.Kf1 Kg3 55.Bb5 Rf2+ 56.Kg1 Bd4 57.Rd7 Rf4+  0-1

[Event "Commonwealth Ch"]
[Site "Mumbai IND"]
[Date "2003.04.21"]
[Round "3"]
[White "Kasimdzhanov,R"]
[Black "Reefat,S"]
[Result "1-0"]
[WhiteElo "2680"]
[BlackElo "2456"]

1.d4 d5 2.c4 e6 3.Nc3 c6 4.e3 f5 5.f4 Nf6 6.Nf3 Be7 7.Bd3 O-O 8.O-O b6 9.Bd2 Bb7
10.Qe2 Ne4 11.Rfd1 Nd7 12.Be1 Kh8 13.Rac1 Nd6 14.b3 Ne4 15.b4 Bxb4 16.Nxe4 dxe4
17.Bxb4 c5 18.dxc5 exf3 19.gxf3 bxc5 20.Bc3 e5 21.Bc2 Qe7 22.Rxd7 Qxd7 23.Bxe5 Rad8
24.Kf2 Kg8 25.Rg1 g6 26.Bc3 Qe6 27.h4 h5 28.Be5 Kh7 29.e4 fxe4 30.Bxe4 Bxe4
31.Qxe4 Rd2+ 32.Kg3 Rfd8 33.Rb1 Qf5 34.Rb7+ R2d7 35.Qd5 Kh6 36.Rxd7 Qxd7
37.Qxc5 Qd1 38.Bc3 Qd7 39.Qe3 Kh7 40.c5 Re8 41.Be5 Rc8 42.Qa3 Qe7 43.Qb2 Kh6
44.c6 Qc5 45.c7 Qg1+ 46.Qg2 Qxg2+ 47.Kxg2 Kh7 48.Kg3 Kg8 49.f5  1-0

[Event "Commonwealth Ch"]
[Site "Mumbai IND"]
[Date "2003.04.23"]
[Round "6"]
[White "Ghaem Maghami,E"]
[Black "Kasimdzhanov,R"]
[Result "0-1"]
[WhiteElo "2528"]
[BlackElo "2680"]

1.e4 e5 2.Nf3 Nc6 3.Bc4 Bc5 4.O-O Nf6 5.d3 d6 6.c3 O-O 7.Nbd2 a6 8.Bb3 Ba7
9.h3 Ne7 10.Nh4 Be6 11.Nc4 b5 12.Ne3 Bxb3 13.axb3 Ng6 14.Nxg6 hxg6 15.Qf3 Nd7
16.b4 c6 17.Bd2 Bb6 18.g3 Qe7 19.h4 Qe6 20.h5 Nf6 21.hxg6 fxg6 22.Kg2 d5
23.Qe2 dxe4 24.dxe4 Nxe4 25.Rae1 Rad8 26.Bc1 Nf6 27.Nc2 Rde8 28.Be3 Bxe3
29.Nxe3 Nd5 30.Nxd5 cxd5 31.f3 Rf5 32.Qd3 e4 33.fxe4 dxe4 34.Qe3 Ref8 35.b3 R8f6
36.Qd4 Qc6 37.Qe3 Rf3 38.Rxf3 Rxf3 39.Qxe4 Qxe4 40.Rxe4 Rxc3 41.Re6 Kf7 42.Rxa6 Rxb3
43.Rb6 Rxb4 44.Kf3 g5 45.Ke3 Rb3+ 46.Ke4 Rxg3 47.Kf5 g6+ 48.Ke5 Rf3 49.Rb7+ Kg8  0-1

[Event "TCh-BIH"]
[Site "Jahorina BIH"]
[Date "2003.06.26"]
[Round "8"]
[White "Zelcic,R"]
[Black "Kasimdzhanov,R"]
[Result "0-1"]
[WhiteElo "2540"]
[BlackElo "2680"]

1.e4 e5 2.Nf3 Nf6 3.d4 Nxe4 4.Bd3 d5 5.Nxe5 Nd7 6.Qe2 Nxe5 7.Bxe4 dxe4 8.Qxe4 Be6
9.Qxe5 Qd7 10.Nc3 O-O-O 11.Be3 Bb4 12.O-O f6 13.Qg3 Bxc3 14.bxc3 h5 15.Rfd1 g5
16.Qf3 Rh6 17.Qe2 Qc6 18.d5 Bxd5 19.Qd3 Rhh8 20.Qf5+ Kb8 21.Bd4 Rd6 22.f3 Rhd8
23.Re1 b6 24.h3 g4 25.Re3 gxf3 26.gxf3 Be6 27.Qxh5 Rd5 28.Qh4 Rg8+ 29.Kh1 Rdg5
30.Rae1 Rg3  0-1

[Event "HZ Open"]
[Site "Vlissingen NED"]
[Date "2003.08.03"]
[Round "3"]
[White "Kasimdzhanov,R"]
[Black "Van den Berg,Ad"]
[Result "1-0"]
[WhiteElo "2664"]
[BlackElo "2248"]

1.e4 c5 2.Nf3 g6 3.d4 Bg7 4.dxc5 Qa5+ 5.c3 Qxc5 6.Na3 Bxc3+ 7.bxc3 Qxc3+
8.Bd2 Qxa3 9.Bc4 Nc6 10.Rc1 Nf6 11.e5 Ne4 12.O-O Nxd2 13.Qxd2 h6 14.Qf4 Nd8
15.e6 Nxe6 16.Bxe6 dxe6 17.Ne5 f6 18.Nxg6 Rg8 19.Qxh6 Qd3 20.Nh4 Qd5 21.f4 Qd4+
22.Kh1 f5 23.Qh5+ Kf8 24.Rfd1 Qf6 25.Qh7 Qg7 26.Rd8+ Kf7 27.Qh5+ Kf6 28.Rxg8 Qxg8
29.Rc3 Qg4 30.Qh6+ Kf7 31.Nf3  1-0

[Event "HZ Open"]
[Site "Vlissingen NED"]
[Date "2003.08.09"]
[Round "9"]
[White "Kasimdzhanov,R"]
[Black "Arkell,K"]
[Result "1-0"]
[WhiteElo "2664"]
[BlackElo "2513"]

1.d4 e6 2.e4 d5 3.Nc3 dxe4 4.Nxe4 Bd7 5.Nf3 Bc6 6.Bd3 Nd7 7.O-O Ngf6 8.Ng3 Be7
9.Re1 Bxf3 10.Qxf3 c6 11.c3 O-O 12.Bf4 Re8 13.Rad1 Nf8 14.a3 Nd5 15.Bc1 Bg5
16.Be3 Nxe3 17.fxe3 Ng6 18.Bc4 Qc7 19.Ne4 Be7 20.Rf1 Rf8 21.Qh5 Rad8 22.Rf3 Nh8
23.Rdf1 c5 24.Rh3 h6 25.Rf6 Ng6 26.Rxg6 fxg6 27.Qxg6  1-0

[Event "1st Samba Cup"]
[Site "Skanderborg DEN"]
[Date "2003.10.11"]
[Round "2"]
[White "Kasimdzhanov,R"]
[Black "Sadvakasov,D"]
[Result "0-1"]
[WhiteElo "2668"]
[BlackElo "2595"]

1.e4 c5 2.Nf3 d6 3.d4 cxd4 4.Nxd4 Nf6 5.Nc3 a6 6.Bg5 e6 7.f4 Qb6 8.Qd2 Qxb2
9.Nb3 Qa3 10.Bxf6 gxf6 11.Be2 Nc6 12.O-O Bd7 13.Kh1 Rc8 14.Bh5 Bg7 15.Rf3 O-O
16.Raf1 Na5 17.f5 Nc4 18.Qf4 Ne5 19.Rg3 Kh8 20.Rxg7 Kxg7 21.Qg3+ Kh8 22.Qh4 Rg8
23.Bxf7 Nxf7 24.Qxf6+ Rg7 25.fxe6 Ne5 26.exd7 Nxd7 27.Qd4 Qb2 28.Nd5 Rxc2
29.Ne3 Rxg2 30.Qxd6 Qf2  0-1

[Event "8th Neckar Open"]
[Site "Deizisau GER"]
[Date "2004.04.09"]
[Round "3"]
[White "Kasimdzhanov,R"]
[Black "Jones,G"]
[Result "1-0"]
[WhiteElo "2652"]
[BlackElo "2387"]

1.e4 c5 2.Nf3 d6 3.Nc3 Nf6 4.d4 cxd4 5.Nxd4 g6 6.Be2 Bg7 7.O-O O-O 8.Bg5 Nc6
9.Nb3 Be6 10.f4 Na5 11.f5 Bc4 12.Bd3 Rc8 13.Kh1 a6 14.Qe2 Bxd3 15.cxd3 Nxb3
16.axb3 Qb6 17.Qd1 e6 18.Bh4 Nd7 19.f6 Bh8 20.d4 Rfe8 21.Rf3 Qd8 22.Qe2 Bxf6
23.Rxf6 Nxf6 24.Rf1 Qe7 25.Bxf6 Qf8 26.Qe3 Rc7 27.e5 d5 28.Bg5 Rec8 29.Bh6 Qe7
30.Qf4 b5 31.h3 Rc6 32.Qg3 Qc7 33.Qf3 Qe7 34.Nd1 Rc2 35.Nf2 Rxb2 36.Ng4 Rcc2
37.Bg5  1-0

[Event "ACP Blitz Prelim3"]
[Site "playchess.com INT"]
[Date "2004.04.14"]
[Round "5"]
[White "Relange,E"]
[Black "Kasimdzhanov,R"]
[Result "0-1"]
[WhiteElo "2505"]
[BlackElo "2652"]

1.Nf3 d6 2.g3 g6 3.Bg2 Bg7 4.d4 Nf6 5.O-O O-O 6.c4 Nc6 7.Nc3 a6 8.Bg5 h6
9.Bd2 e5 10.d5 Nd4 11.e3 Nxf3+ 12.Bxf3 Bh3 13.Re1 Qd7 14.e4 Nh7 15.Bg2 h5
16.Bxh3 Qxh3 17.Qf3 h4 18.Qg2 Qd7 19.gxh4 Nf6 20.Ne2 Nh5 21.h3 Kh7 22.Qg4 f5
23.exf5 Qxf5 24.Qxf5 gxf5 25.Ng3 Bh6 26.Nxh5 Bxd2 27.Re2 Bh6 28.f4 Kg6 29.Ng3 Bxf4
30.Kf2 Rh8 31.Rg1 Kf6 32.h5 Rag8 33.Kf3 Bxg3 34.Rxg3 e4+ 35.Kf4 Rxg3 36.Kxg3 Rxh5
37.h4 Rh8 38.Rh2 Rg8+ 39.Kf2 f4 40.h5 Rh8 41.h6 Rh7 42.Rh5 Kg6 43.Rh4 Kg5  0-1

[Event "ACP Blitz Prelim3"]
[Site "playchess.com INT"]
[Date "2004.04.14"]
[Round "7"]
[White "Fressinet,L"]
[Black "Kasimdzhanov,R"]
[Result "1-0"]
[WhiteElo "2638"]
[BlackElo "2652"]

1.e4 g6 2.d4 d6 3.Nc3 c6 4.Be3 Nf6 5.Qd2 Nbd7 6.Nf3 Qc7 7.Bd3 Bg7 8.Bh6 O-O
9.h4 Bxh6 10.Qxh6 Ng4 11.Qg5 Ndf6 12.h5 h6 13.Qd2 Nxh5 14.Nh4 e5 15.f3 exd4
16.Ne2 Ne5 17.g4 Bxg4 18.fxg4 Nxg4 19.O-O-O Kh7 20.Rdg1 Ne5 21.Nf5 Rh8 22.Rxh5  1-0

[Event "ACP Blitz Prelim3"]
[Site "playchess.com INT"]
[Date "2004.04.14"]
[Round "8"]
[White "Kasimdzhanov,R"]
[Black "Zhang Zhong"]
[Result "0-1"]
[WhiteElo "2652"]
[BlackElo "2633"]

1.e4 e5 2.Nf3 Nc6 3.Bb5 Nf6 4.d3 Bc5 5.Nc3 d6 6.Be3 Bxe3 7.fxe3 O-O 8.Bxc6 bxc6
9.O-O c5 10.b3 h6 11.Qe1 Be6 12.Nh4 g6 13.h3 Kg7 14.Rd1 Qe7 15.g4 Ng8 16.Qg3 Kh7
17.Rd2 f6 18.Rdf2 c6 19.Rg2 Qg7 20.Qf2 Qe7 21.Qg3 Qg7 22.Nf3 g5 23.h4 Ne7
24.Kf2 Kg8 25.Rh1 Ng6 26.Rgh2 Rf7 27.Ne2 Raf8 28.Ke1 d5 29.Nc3 c4 30.bxc4 dxc4
31.d4 c5 32.d5 Bd7 33.h5 Ne7 34.Nd2 Rb8 35.Nxc4 Nc8 36.a3 Qf8 37.Rf1 Nb6
38.Nxb6 axb6 39.a4 Ra8 40.Kf2 Bxa4 41.Kg1 Bd7 42.Rhf2 Kg7 43.Qf3 Qc8 44.Rg2 Ra3
45.Ne2 b5 46.Kh2 b4 47.Kh3 c4 48.Ng3 c3 49.Rff2 Ra1 50.Qe2 Ra2 51.Nf5+ Bxf5
52.Rxf5 b3 53.Qd1 b2 54.Rf1 Qa6 55.Rgg1 Ra1 56.Qf3 Rxf1 57.Qxf1 Qc8 58.Qb1 Ra7
59.Kg3 Ra1 60.Qxa1 bxa1=Q 61.Rxa1 Qc4 62.Rd1 Qc5 63.Rd3 Kf8 64.Kf3 Ke7 65.d6+ Kd7
66.Ke2 Qc4 67.Kd1 Qxe4 68.Rd5 Qxd5+ 69.Ke2 Qd2+ 70.Kf3 Qxc2 71.e4 Qd2 72.Kg3 c2
73.Kh3 c1=Q 74.Kg3 Qg1+ 75.Kh3 Qgh2+  0-1

[Event "ACP Blitz Prelim3"]
[Site "playchess.com INT"]
[Date "2004.04.14"]
[Round "9"]
[White "Luther,T"]
[Black "Kasimdzhanov,R"]
[Result "0-1"]
[WhiteElo "2577"]
[BlackElo "2652"]

1.e4 d6 2.d4 Nf6 3.Nc3 g6 4.f4 Bg7 5.Nf3 O-O 6.Bd3 Na6 7.O-O c5 8.d5 Rb8
9.e5 Ne8 10.Ng5 dxe5 11.f5 c4 12.fxg6 hxg6 13.Qe1 f6 14.Bxg6 fxg5 15.Rxf8+ Bxf8
16.Bxg5 Qb6+ 17.Kh1 Qxg6 18.Qxe5 Qg7 19.Qe3 Nd6 20.Bf4 b6 21.Be5 Qg6 22.Rf1 Bh6
23.Qe1 Bd7 24.Rf3 Kh7 25.Rg3 Qf7 26.Rf3 Qg6 27.Rg3 Qe8 28.h3 Nc5 29.b4 cxb3
30.axb3 Bf5 31.b4 Nd7 32.Bd4 Qf7 33.Ne2 Rg8 34.Nf4 Rxg3 35.Qxg3 Ne4 36.Qh4 Ndf6
37.Ne6 Bxe6 38.dxe6 Qxe6 39.Be3 Ng8 40.Qf4 Bxf4 41.Bxf4 Qf5  0-1

[Event "ACP Blitz Prelim3"]
[Site "playchess.com INT"]
[Date "2004.04.14"]
[Round "11"]
[White "Zarnicki,P"]
[Black "Kasimdzhanov,R"]
[Result "1-0"]
[WhiteElo "2521"]
[BlackElo "2652"]

1.e4 d6 2.d4 Nf6 3.Nc3 g6 4.f4 Bg7 5.Nf3 O-O 6.Bd3 Na6 7.O-O c5 8.d5 Rb8
9.Kh1 Bg4 10.a3 Nc7 11.Qe1 b5 12.Qh4 Bxf3 13.Rxf3 a5 14.f5 c4 15.Bf1 b4 16.axb4 axb4
17.Ne2 Ra8 18.Rxa8 Qxa8 19.Nd4 Qa1 20.Nc6 Re8 21.Qe1 c3 22.b3 Bh6 23.Bd2 Qxe1
24.Bxe1 Nxe4 25.fxg6 hxg6 26.Nxb4 Ra8 27.Bxc3 Nxc3 28.Rxc3 Ra1 29.g3 Nxd5
30.Nxd5 Rxf1+ 31.Kg2 Re1 32.b4 Re5 33.Rc8+ Kg7 34.c4 e6 35.Nc7 Re2+ 36.Kf3 Rxh2
37.Ne8+ Kh7 38.Nf6+ Kg7 39.Ne8+ Kf8 40.Nxd6+ Ke7 41.c5 Rb2 42.Rc7+ Kd8 43.Rb7 Bd2
44.c6  1-0

[Event "ACP Blitz Prelim3"]
[Site "playchess.com INT"]
[Date "2004.04.14"]
[Round "13"]
[White "Golubev,M"]
[Black "Kasimdzhanov,R"]
[Result "0-1"]
[WhiteElo "2532"]
[BlackElo "2652"]

1.e4 Nf6 2.e5 Nd5 3.d4 d6 4.Nf3 dxe5 5.Nxe5 c6 6.Bc4 Be6 7.O-O Nd7 8.Nf3 Nc7
9.Bd3 Bg4 10.h3 Bh5 11.Bg5 Bg6 12.Be2 h6 13.Bh4 Nd5 14.Re1 Qc8 15.c4 Nb4
16.Na3 e6 17.Rc1 Nxa2 18.Ra1 Bxa3 19.Rxa2 Bb4 20.Rf1 O-O 21.b3 a5 22.Qc1 Qc7
23.Bg3 Bd6 24.Bxd6 Qxd6 25.c5 Qc7 26.Qc3 Nf6 27.Ne5 Nd5 28.Qg3 Bh7 29.Rfa1 Nb4
30.Ra4 Rfd8 31.Bh5 g6 32.Rd1 Kg7 33.Be2 g5 34.Qe3 b5 35.cxb6 Qxb6 36.h4 Nd5
37.Qc1 Nf4 38.Bf3 Be4 39.hxg5 hxg5 40.Qe3 Bxf3 41.Qxf3 f6 42.Nxc6 Rd6 43.Rc4 Rh8
44.g3 Nd5 45.Rc5 Rxc6 46.Rxc6 Qxc6 47.Kg2 Ne3+ 48.fxe3 Rh2+  0-1

[Event "ACP Blitz Prelim3"]
[Site "playchess.com INT"]
[Date "2004.04.14"]
[Round "17"]
[White "Kasimdzhanov,R"]
[Black "Sharevich,A"]
[Result "1-0"]
[WhiteElo "2652"]
[BlackElo "2240"]

1.d4 d5 2.Nf3 Nf6 3.c4 e6 4.Nc3 Be7 5.Bg5 O-O 6.e3 h6 7.Bxf6 Bxf6 8.Rc1 b6
9.cxd5 exd5 10.Bd3 Be6 11.O-O c5 12.Ne2 Nd7 13.Nf4 Qe7 14.Bb1 Rfd8 15.dxc5 bxc5
16.Nxd5 Bxd5 17.Qxd5 Rac8 18.b3 Ne5 19.Qe4 Nxf3+ 20.Qxf3 g6 21.Rcd1 Kg7 22.Bd3 Qe5
23.Bc4 Qc7 24.g3 Rxd1 25.Rxd1 Rd8 26.Rxd8 Qxd8 27.Qb7 Qe7 28.Qd5 h5 29.Kf1 Qc7
30.Ke2 Qe7 31.f4 Bd4 32.Qxf7+ Qxf7 33.Bxf7 Bf6 34.Be8 h4 35.Kf3 hxg3 36.hxg3 g5
37.e4 gxf4 38.gxf4 Bd4 39.e5 Kf8 40.Bb5 Ke7 41.Ke4 Bg1 42.f5 Bd4 43.f6+ Kf7
44.Kf5 Kf8 45.e6  1-0